[Event "Skakligaen 2019-20"]
[Site "Denmark"]
[Date "2020.01.26"]
[Round "6.7"]
[White "Rostgaard, Tobias Valentin"]
[Black "Smith, Axel"]
[Result "1/2-1/2"]
[WhiteElo "2357"]
[BlackElo "2465"]
[PlyCount "110"]
[EventDate "2019.11.23"]
[EventType "team-tourn"]
[EventRounds "9"]
[WhiteTeam "Skanderborg"]
[BlackTeam "Koge"]
[WhiteTeamCountry "DEN"]
[BlackTeamCountry "DEN"]

1. e4 e5 2. Nf3 Nc6 3. Bb5 g6 4. d4 exd4 5. Bg5 Be7 6. Bxe7 Qxe7 7. Bxc6 dxc6
8. Qxd4 Nf6 9. Nc3 Bg4 10. O-O-O Bxf3 11. gxf3 O-O 12. e5 Nh5 13. Ne4 Rfd8 14.
Nf6+ Nxf6 15. exf6 Rxd4 16. fxe7 Rd6 17. Rxd6 cxd6 18. Rd1 Re8 19. Rxd6 Rxe7
20. a4 Re1+ 21. Kd2 Rh1 22. Rd7 Rxh2 23. Ke3 h5 24. Rxb7 h4 25. Rb4 Kg7 26. Rg4
Rh1 27. b4 h3 28. Kf4 f5 29. Rh4 Rc1 30. Kg3 Rxc2 31. Rxh3 Ra2 32. Rh4 Rxa4 33.
Rd4 Kf6 34. Rd6+ Kg5 35. Rxc6 Rxb4 36. Ra6 Rb7 37. f4+ Kh5 38. Kh3 Rb3+ 39. Kg2
Rb7 40. Kg3 Rc7 41. Ra1 Kh6 42. Ra6 Rd7 43. f3 Rf7 44. Kh4 Re7 45. Ra1 Rc7 46.
Ra6 Rb7 47. Ra1 Rb4 48. Kg3 Rb7 49. Kh4 Rb3 50. Kg3 g5 51. Ra6+ Kh5 52. Ra5 Kg6
53. Ra6+ Kh5 54. Ra5 Kg6 55. Ra6+ Kh5 1/2-1/2

[Event "Skakligaen 2019-20"]
[Site "Denmark"]
[Date "2020.01.26"]
[Round "6.8"]
[White "Ahlander, Bjorn"]
[Black "Brondt, Nicolai Kvist"]
[Result "1-0"]
[WhiteElo "2414"]
[BlackElo "2244"]
[PlyCount "83"]
[EventDate "2019.11.23"]
[EventType "team-tourn"]
[EventRounds "9"]
[WhiteTeam "Koge"]
[BlackTeam "Skanderborg"]
[WhiteTeamCountry "DEN"]
[BlackTeamCountry "DEN"]

1. d4 d5 2. c4 c6 3. Nf3 Nf6 4. Nc3 e6 5. e3 a6 6. Bd2 Bd6 7. Qc2 Nbd7 8. e4 e5
9. cxd5 cxd5 10. exd5 O-O 11. Be2 Qc7 12. Qd3 exd4 13. Qxd4 Ne5 14. Rc1 Nxf3+
15. Bxf3 Re8+ 16. Ne2 Qe7 17. O-O Be5 18. Qd3 Bg4 19. Nc3 Bxf3 20. Qxf3 Qd6 21.
h3 Bxc3 22. Rxc3 Qxd5 23. Qxd5 Nxd5 24. Rd3 Nf6 25. Rc1 Rac8 26. Rxc8 Rxc8 27.
f3 Kf8 28. Bc3 Ke8 29. g4 Rc6 30. Kf2 g6 31. Kg3 Nd7 32. f4 Nc5 33. Rd4 Rd6 34.
Rc4 Rc6 35. f5 b5 36. Rd4 f6 37. Kf3 Na4 38. Re4+ Kf7 39. Bd4 Nb6 40. Re6 Rxe6
41. fxe6+ Kxe6 42. Bxb6 1-0

[Event "Skakligaen 2019-20"]
[Site "Denmark"]
[Date "2020.01.26"]
[Round "6.1"]
[White "Hurtado, Javier Marchena"]
[Black "Hector, Jonny"]
[Result "0-1"]
[WhiteElo "2356"]
[BlackElo "2478"]
[PlyCount "58"]
[EventDate "2019.11.23"]
[EventType "team-tourn"]
[EventRounds "9"]
[WhiteTeam "OBRO"]
[BlackTeam "Nordkalotten"]
[WhiteTeamCountry "DEN"]
[BlackTeamCountry "DEN"]

1. d4 d5 2. c4 c6 3. Nf3 Nf6 4. e3 Bg4 5. h3 Bh5 6. Nc3 e6 7. g4 Bg6 8. Ne5
Nbd7 9. Nxg6 hxg6 10. Bg2 g5 11. Qe2 Bb4 12. Bd2 Nb6 13. b3 Qe7 14. O-O e5 15.
Rfe1 O-O 16. dxe5 Qxe5 17. Nxd5 Nbxd5 18. cxd5 Bxd2 19. Qxd2 cxd5 20. Qd4 Qe6
21. Rac1 Rfd8 22. Rc7 b6 23. Rec1 Rd6 24. Qc3 Rad8 25. Rxa7 d4 26. exd4 Rxd4
27. Ra8 Rxa8 28. Bxa8 Qe5 29. Re1 Rxg4+ 0-1

[Event "Skakligaen 2019-20"]
[Site "Denmark"]
[Date "2020.01.26"]
[Round "6.2"]
[White "Brynell, Stellan"]
[Black "Nielsen, Viktor Haarmark"]
[Result "1/2-1/2"]
[WhiteElo "2412"]
[BlackElo "2268"]
[PlyCount "56"]
[EventDate "2019.11.23"]
[EventType "team-tourn"]
[EventRounds "9"]
[WhiteTeam "Nordkalotten"]
[BlackTeam "OBRO"]
[WhiteTeamCountry "DEN"]
[BlackTeamCountry "DEN"]

1. d4 d5 2. Nf3 Nf6 3. g3 e6 4. Bg2 b5 5. O-O Bb7 6. a4 b4 7. c4 bxc3 8. Nxc3
Nbd7 9. a5 a6 10. Qa4 Bd6 11. Bf4 Bxf4 12. gxf4 O-O 13. b4 Ne8 14. Rfc1 Nd6 15.
e3 c6 16. Qd1 f6 17. Na4 Qe7 18. Nc5 Nxc5 19. bxc5 Nb5 20. Bf1 Bc8 21. Qc2 Bd7
22. Bd3 Kh8 23. Kh1 Be8 24. Rg1 Bh5 25. Rg3 Bxf3+ 26. Rxf3 f5 27. Rg3 Rf7 28.
Qd2 Qd8 1/2-1/2

[Event "Skakligaen 2019-20"]
[Site "Denmark"]
[Date "2020.01.26"]
[Round "6.3"]
[White "Rasmussen, Casper Dahl"]
[Black "Jogstad, Martin"]
[Result "0-1"]
[WhiteElo "2304"]
[BlackElo "2305"]
[PlyCount "126"]
[EventDate "2019.11.23"]
[EventType "team-tourn"]
[EventRounds "9"]
[WhiteTeam "OBRO"]
[BlackTeam "Nordkalotten"]
[WhiteTeamCountry "DEN"]
[BlackTeamCountry "DEN"]

1. Nf3 d5 2. g3 Nf6 3. Bg2 Bf5 4. O-O e6 5. b3 Be7 6. Bb2 h6 7. c4 c6 8. d4
Nbd7 9. Nc3 O-O 10. e3 Re8 11. Ne5 a5 12. Qe2 Bd6 13. e4 dxe4 14. Nxe4 Bxe4 15.
Bxe4 Nxe4 16. Qxe4 Nxe5 17. dxe5 Bc5 18. Rad1 Qb6 19. Bd4 Red8 20. Bxc5 Qxc5
21. Qf4 Qa3 22. Rd2 a4 23. Rb1 Qb4 24. Rd6 Rxd6 25. exd6 Rd8 26. Rd1 axb3 27.
axb3 Qxb3 28. Rd2 Qc3 29. Rd1 Qc2 30. Rd2 Qc1+ 31. Kg2 e5 32. Qe3 Qxc4 33. Qxe5
Qe6 34. Qc5 Rd7 35. h4 Qe4+ 36. Kh2 Qe8 37. Rd3 Qd8 38. Rd4 Qf6 39. Rd2 Qe6 40.
Rd3 Qf6 41. Rd2 g6 42. Kg2 Qf5 43. Qe3 Kg7 44. Kh2 c5 45. Qc3+ Kh7 46. Qc4 Kg7
47. Qc3+ Kh7 48. Qc4 Kg8 49. Kg2 b6 50. Qb5 Qe4+ 51. f3 Qb7 52. g4 Kg7 53. Qb2+
Kg8 54. Qb5 Kg7 55. Kg3 Rd8 56. g5 Qa7 57. Qb2+ Kh7 58. Qf6 Qd7 59. f4 Re8 60.
f5 Qxf5 61. d7 Re3+ 62. Kh2 Qh3+ 63. Kg1 Qg3+ 0-1

[Event "Skakligaen 2019-20"]
[Site "Denmark"]
[Date "2020.01.26"]
[Round "6.4"]
[White "Hove, Esben Kjems"]
[Black "Hansen, Soren Bech"]
[Result "1-0"]
[WhiteElo "2323"]
[BlackElo "2221"]
[PlyCount "139"]
[EventDate "2019.11.23"]
[EventType "team-tourn"]
[EventRounds "9"]
[WhiteTeam "Nordkalotten"]
[BlackTeam "OBRO"]
[WhiteTeamCountry "DEN"]
[BlackTeamCountry "DEN"]

1. Nf3 Nf6 2. d4 e6 3. g3 b6 4. Bg2 Bb7 5. O-O c5 6. c4 cxd4 7. Nxd4 Bxg2 8.
Kxg2 a6 9. b3 d6 10. Bb2 Qc7 11. Nc3 Be7 12. e4 Nc6 13. Nc2 O-O 14. Ne3 Qb7 15.
f3 b5 16. Qe2 Rab8 17. Rac1 Rfc8 18. Rfd1 Ne5 19. Nb1 Nfd7 20. Rc2 bxc4 21.
Nxc4 Nxc4 22. Rxc4 Rxc4 23. Qxc4 Bf8 24. Rc1 Nb6 25. Qc7 Qxc7 26. Rxc7 Rc8 27.
Rxc8 Nxc8 28. Kf2 f6 29. Ke3 Kf7 30. Kd3 Ke7 31. Na3 Kd7 32. Nc2 d5 33. exd5
exd5 34. Bc3 Nb6 35. Kd4 Bd6 36. f4 g5 37. Ba5 Nc8 38. fxg5 Ne7 39. Bd2 f5 40.
Bf4 Ke6 41. Kd3 Bc5 42. b4 Bb6 43. Nd4+ Kf7 44. Bd6 Nc8 45. Bc5 Kg6 46. Ne6 Kf7
47. Nf4 Bd8 48. h4 Bc7 49. Kd4 Nd6 50. Bxd6 Bxd6 51. a3 Bc7 52. Kxd5 Bb6 53.
Ke5 Bf2 54. Kxf5 Bxg3 55. h5 Be1 56. Nd3 Bc3 57. Nc5 a5 58. bxa5 Bxa5 59. a4
Bc3 60. Nb3 Ke7 61. Nc5 Bb4 62. Ne4 Kf7 63. Nf6 Kg7 64. h6+ Kh8 65. g6 hxg6+
66. Kxg6 Bc3 67. Ne4 Bb4 68. Ng5 Bd2 69. Nf7+ Kg8 70. h7+ 1-0

[Event "Skakligaen 2019-20"]
[Site "Denmark"]
[Date "2020.01.26"]
[Round "6.5"]
[White "Larsen, Karsten"]
[Black "Sylvan, Jacob"]
[Result "0-1"]
[WhiteElo "2259"]
[BlackElo "2323"]
[PlyCount "110"]
[EventDate "2019.11.23"]
[EventType "team-tourn"]
[EventRounds "9"]
[WhiteTeam "OBRO"]
[BlackTeam "Nordkalotten"]
[WhiteTeamCountry "DEN"]
[BlackTeamCountry "DEN"]

1. e4 c5 2. Nf3 e6 3. g3 Nc6 4. Bg2 Nf6 5. d3 d5 6. Nbd2 Be7 7. O-O O-O 8. Re1
Qc7 9. e5 Nd7 10. Qe2 b5 11. Nf1 a5 12. h4 h6 13. N1h2 Rd8 14. Bf4 a4 15. g4
Nf8 16. Qd2 a3 17. b3 Bb7 18. h5 Nh7 19. g5 hxg5 20. Nxg5 Nxg5 21. Bxg5 Bxg5
22. Qxg5 Qe7 23. Qf4 Kf8 24. Ng4 Qh4 25. h6 gxh6 26. Re3 Qg5 27. Qf3 Nd4 28.
Qh3 Nf5 29. f4 Qg6 30. Re2 Ke7 31. Kh2 Rg8 32. Nf6 Qg3+ 33. Qxg3 Rxg3 34. Rf1
Rg6 35. Ref2 b4 36. Rc1 Rc8 37. c4 Rxg2+ 38. Rxg2 dxc4 39. dxc4 Bxg2 40. Kxg2
Rd8 41. Ne4 Rd3 42. Ra1 Nd4 43. Nxc5 Rd2+ 44. Kg3 Ne2+ 45. Kf3 Nc3 46. Na6 Rxa2
47. Rh1 Rb2 48. Nxb4 a2 49. Ra1 Rxb3 50. Nc2 Rb2 51. Ke3 Rb1 52. Kd3 Rxa1 53.
Nxa1 Na4 54. Ke3 h5 55. Kf3 Kf8 0-1

[Event "Skakligaen 2019-20"]
[Site "Denmark"]
[Date "2020.01.26"]
[Round "6.6"]
[White "Kristensen, Kaare Hove"]
[Black "Simonsen, Carsten"]
[Result "1/2-1/2"]
[WhiteElo "2345"]
[BlackElo "2232"]
[PlyCount "140"]
[EventDate "2019.11.23"]
[EventType "team-tourn"]
[EventRounds "9"]
[WhiteTeam "Nordkalotten"]
[BlackTeam "OBRO"]
[WhiteTeamCountry "DEN"]
[BlackTeamCountry "DEN"]

1. d4 Nf6 2. c4 g6 3. f3 d5 4. cxd5 Nxd5 5. e4 Nb6 6. Nc3 Bg7 7. Be3 O-O 8. Qd2
Nc6 9. O-O-O Qd6 10. Nb5 Qd7 11. Bh6 Bxh6 12. Qxh6 Nb4 13. Nc3 Qd6 14. h4 Be6
15. d5 Bd7 16. a3 Na6 17. h5 gxh5 18. Qxh5 Qg6 19. Bxa6 Qxh5 20. Rxh5 bxa6 21.
Nge2 f6 22. b3 c5 23. e5 Be8 24. Rh6 fxe5 25. Re6 Rf7 26. Rxe5 Rb8 27. Ne4 Nd7
28. Rg5+ Rg7 29. Rxg7+ Kxg7 30. Kb2 a5 31. Kc3 a4 32. bxa4 Nb6 33. Nxc5 Nxa4+
34. Nxa4 Bxa4 35. Rd3 Rb3+ 36. Kd4 Rb2 37. Re3 Kf7 38. g4 Bd7 39. Nf4 Rd2+ 40.
Nd3 Bb5 41. Kc3 Ra2 42. Kb4 a6 43. Ne5+ Kf6 44. Nc6 Re2 45. Rb3 Rc2 46. Rc3
Rxc3 47. Kxc3 Be2 48. Nd4 Bd1 49. Kd2 Ba4 50. f4 h6 51. Nc2 e5 52. dxe6 Kxe6
53. Ne3 Kf6 54. Kc3 Bc6 55. Kb4 Bf3 56. Ka5 Be2 57. a4 Ke6 58. Kb6 Kd7 59. a5
Ke6 60. Kc5 h5 61. gxh5 Bxh5 62. Kb6 Be2 63. Nc2 Bf1 64. Nb4 Kf5 65. Nxa6 Kxf4
66. Nc7 Ke5 67. Nb5 Ke6 68. a6 Kd7 69. a7 Bg2 70. Nd4 Ba8 1/2-1/2

[Event "Skakligaen 2019-20"]
[Site "Denmark"]
[Date "2020.01.26"]
[Round "6.7"]
[White "Jorgensen, Brian Jorgen"]
[Black "Jakobsen, Peter"]
[Result "0-1"]
[WhiteElo "2219"]
[BlackElo "2211"]
[PlyCount "80"]
[EventDate "2019.11.23"]
[EventType "team-tourn"]
[EventRounds "9"]
[WhiteTeam "OBRO"]
[BlackTeam "Nordkalotten"]
[WhiteTeamCountry "DEN"]
[BlackTeamCountry "DEN"]

1. d4 Nf6 2. c4 g6 3. Nc3 Bg7 4. e4 d6 5. h3 O-O 6. Be3 e5 7. d5 Na6 8. g4 Nc5
9. f3 c6 10. b4 Na6 11. a3 cxd5 12. cxd5 Ne8 13. Qd2 f5 14. gxf5 gxf5 15. Bg5
Nf6 16. Bd3 Qe8 17. O-O-O f4 18. Bh4 Bd7 19. Qa2 Nc7 20. a4 Rc8 21. Kd2 a6 22.
Bf2 Qh5 23. Rh2 Kh8 24. Rg2 Rg8 25. Be2 Bh6 26. Rh2 Rg7 27. Rc1 Rcg8 28. Nd1
Nce8 29. Nb2 Nxe4+ 30. fxe4 f3+ 31. Be3 Bxe3+ 32. Kxe3 Qh6+ 33. Kd3 Qxc1 34.
Nxf3 Qf4 35. Nd1 Rg3 36. Rf2 Nf6 37. Nc3 Rc8 38. Bd1 Rxc3+ 39. Kxc3 Nxe4+ 40.
Kb2 Nxf2 0-1

[Event "Skakligaen 2019-20"]
[Site "Denmark"]
[Date "2020.01.26"]
[Round "6.8"]
[White "Nielsen, Lars Aaes"]
[Black "Schou Moldt, Thomas"]
[Result "1/2-1/2"]
[WhiteElo "2221"]
[BlackElo "2173"]
[PlyCount "115"]
[EventDate "2019.11.23"]
[EventType "team-tourn"]
[EventRounds "9"]
[WhiteTeam "Nordkalotten"]
[BlackTeam "OBRO"]
[WhiteTeamCountry "DEN"]
[BlackTeamCountry "DEN"]

1. e4 d6 2. g3 g6 3. Bg2 Bg7 4. Ne2 c5 5. O-O Nc6 6. c3 Bg4 7. h3 Bxe2 8. Qxe2
e6 9. d3 Nge7 10. Bg5 O-O 11. Nd2 Qd7 12. f4 Rac8 13. g4 Rfe8 14. Qf2 f5 15.
Qh4 b5 16. a3 Kh8 17. Bf6 Rg8 18. Rae1 Rcf8 19. Bxg7+ Rxg7 20. exf5 gxf5 21. g5
e5 22. Bxc6 Qxc6 23. Qh6 Qd5 24. Re3 Ng6 25. fxe5 dxe5 26. Ref3 Rfg8 27. h4 e4
28. Rh3 Qd7 29. Kh2 Ne5 30. Rg3 Rg6 31. Qh5 Nxd3 32. Qe2 c4 33. Qe3 Qd6 34.
Rxf5 Ne5 35. Qxe4 Qxd2+ 36. Rg2 Nf3+ 37. Qxf3 Qd6+ 38. Qf4 Qxf4+ 39. Rxf4 h6
40. Rf5 a6 41. Kh3 hxg5 42. Rgxg5 Rxg5 43. hxg5 Kg7 44. Rf6 Rh8+ 45. Kg4 Rh2
46. Rxa6 Rxb2 47. a4 b4 48. cxb4 Rxb4 49. Kh5 c3 50. Ra7+ Kg8 51. Rc7 Rxa4 52.
Kh6 Ra8 53. Rxc3 Ra6+ 54. g6 Ra8 55. Rc7 Rb8 56. Rg7+ Kh8 57. Rf7 Kg8 58. Rg7+
1/2-1/2

[Event "Skakligaen 2019-20"]
[Site "Denmark"]
[Date "2020.01.26"]
[Round "6.1"]
[White "Hillarp Persson, Tiger"]
[Black "Jacobsen, Mikkel Manosri"]
[Result "0-1"]
[WhiteElo "2542"]
[BlackElo "2330"]
[PlyCount "88"]
[EventDate "2019.11.23"]
[EventType "team-tourn"]
[EventRounds "9"]
[WhiteTeam "Bronshoj"]
[BlackTeam "BMS"]
[WhiteTeamCountry "DEN"]
[BlackTeamCountry "DEN"]

1. Nf3 d5 2. g3 g6 3. Bg2 Bg7 4. d4 Nc6 5. O-O Bg4 6. Nbd2 Qd7 7. c4 dxc4 8.
Nxc4 Rd8 9. Be3 Bxf3 10. Bxf3 Nxd4 11. Bxd4 Bxd4 12. Qb3 c6 13. Rad1 Qc7 14. e3
Bb6 15. Rxd8+ Qxd8 16. a4 Nf6 17. a5 Bxa5 18. Qxb7 O-O 19. Qxa7 Bc7 20. Bxc6 h5
21. b4 Ng4 22. Qc5 Qd3 23. Bg2 Bb8 24. h3 Nh6 25. Ne5 Qd2 26. Nc6 Bd6 27. Qd4
Qe2 28. e4 f6 29. Rd1 h4 30. gxh4 Nf7 31. Qd5 Kg7 32. Bf1 Qb2 33. Nd4 Rc8 34.
h5 Ne5 35. f4 Rc3 36. fxe5 Rg3+ 37. Kh1 Qf2 38. Ne6+ Kh7 39. Nf8+ Kh8 40. Nxg6+
Kg7 41. exf6+ exf6 42. h6+ Kh7 43. Nf8+ Kh8 44. Ng6+ Rxg6 0-1

[Event "Skakligaen 2019-20"]
[Site "Denmark"]
[Date "2020.01.26"]
[Round "6.2"]
[White "Haubro, Martin"]
[Black "Bromann, Thorbjorn"]
[Result "1-0"]
[WhiteElo "2358"]
[BlackElo "2399"]
[PlyCount "107"]
[EventDate "2019.11.23"]
[EventType "team-tourn"]
[EventRounds "9"]
[WhiteTeam "BMS"]
[BlackTeam "Bronshoj"]
[WhiteTeamCountry "DEN"]
[BlackTeamCountry "DEN"]

1. e4 e6 2. d4 d5 3. Nc3 dxe4 4. Nxe4 Nd7 5. Nf3 Ngf6 6. Nxf6+ Nxf6 7. Bd3 c5
8. O-O cxd4 9. Nxd4 Bc5 10. Nf3 O-O 11. Bg5 b6 12. Qe2 Bb7 13. Rad1 Qc7 14.
Bxf6 gxf6 15. Be4 Rfd8 16. Bxb7 Qxb7 17. Rd3 Rxd3 18. Qxd3 Be7 19. Rd1 Rd8 20.
Qe2 Rxd1+ 21. Qxd1 Qe4 22. Qd3 Qxd3 23. cxd3 Kf8 24. g4 Ke8 25. Kf1 Kd7 26. Ke2
Kd6 27. d4 Kd5 28. Kd3 Bd6 29. Ke3 b5 30. Nd2 e5 31. Kd3 exd4 32. Nf3 Bc5 33.
h3 a6 34. Ng1 f5 35. Ne2 fxg4 36. hxg4 f5 37. gxf5 Ke5 38. Ng3 Be7 39. b3 Bf6
40. a4 b4 41. a5 Kf4 42. Kc4 Kg4 43. Kxb4 d3 44. Nf1 Kf3 45. Kc4 Kxf2 46. Kxd3
Kxf1 47. b4 Be7 48. b5 h5 49. f6 Bc5 50. bxa6 h4 51. f7 h3 52. a7 Bxa7 53.
f8=Q+ Bf2 54. Qf3 1-0

[Event "Skakligaen 2019-20"]
[Site "Denmark"]
[Date "2020.01.26"]
[Round "6.3"]
[White "Hoi, Carsten"]
[Black "Vesterli, Michael E"]
[Result "0-1"]
[WhiteElo "2317"]
[BlackElo "2234"]
[PlyCount "88"]
[EventDate "2019.11.23"]
[EventType "team-tourn"]
[EventRounds "9"]
[WhiteTeam "Bronshoj"]
[BlackTeam "BMS"]
[WhiteTeamCountry "DEN"]
[BlackTeamCountry "DEN"]

1. d4 Nf6 2. c4 g6 3. Nc3 Bg7 4. e4 d6 5. f3 O-O 6. Be3 c5 7. Nge2 Nc6 8. d5
Ne5 9. Ng3 e6 10. Be2 exd5 11. cxd5 a6 12. O-O b5 13. h3 Re8 14. Qd2 Ned7 15.
Bh6 Bh8 16. Bg5 Qb6 17. Nd1 Bb7 18. Nf2 c4 19. Kh1 Nc5 20. Qf4 Ncd7 21. Rad1
Rac8 22. Nf5 gxf5 23. Bh6 Nh5 24. Qh4 Ng7 25. g4 f4 26. Bxf4 Ne5 27. Bxe5 Rxe5
28. g5 Qe3 29. Ng4 Qxe2 30. Rde1 Qd2 31. Nf6+ Kf8 32. Nxh7+ Ke8 33. Nf6+ Ke7
34. f4 Nf5 35. exf5 Bxd5+ 36. Nxd5+ Qxd5+ 37. Kg1 Rxe1 38. Rxe1+ Kd7 39. f6 Kc6
40. Qg4 Rg8 41. Re7 Bxf6 42. Qd7+ Kc5 43. Qa7+ Kb4 44. a3+ Kb3 0-1

[Event "Skakligaen 2019-20"]
[Site "Denmark"]
[Date "2020.01.26"]
[Round "6.4"]
[White "Akdag, Dara Sevkan"]
[Black "Aabling Thomsen, Jakob"]
[Result "0-1"]
[WhiteElo "2209"]
[BlackElo "2347"]
[PlyCount "38"]
[EventDate "2019.11.23"]
[EventType "team-tourn"]
[EventRounds "9"]
[WhiteTeam "BMS"]
[BlackTeam "Bronshoj"]
[WhiteTeamCountry "DEN"]
[BlackTeamCountry "DEN"]

1. f4 d6 2. Nf3 e5 3. e4 exf4 4. Bc4 h6 5. O-O g5 6. Nc3 Bg7 7. d4 Nc6 8. e5
dxe5 9. d5 Nce7 10. Qe1 Ng6 11. h4 Bg4 12. Bb5+ Kf8 13. b3 Bxf3 14. Rxf3 Nf6
15. Ba3+ Kg8 16. Rd1 Nxh4 17. Rfd3 a6 18. d6 axb5 19. Qxe5 c6 0-1

[Event "Skakligaen 2019-20"]
[Site "Denmark"]
[Date "2020.01.26"]
[Round "6.5"]
[White "Palm, Nikolaj"]
[Black "Brorsen, Jacob Abildlund"]
[Result "1-0"]
[WhiteElo "2282"]
[BlackElo "2164"]
[PlyCount "71"]
[EventDate "2019.11.23"]
[EventType "team-tourn"]
[EventRounds "9"]
[WhiteTeam "Bronshoj"]
[BlackTeam "BMS"]
[WhiteTeamCountry "DEN"]
[BlackTeamCountry "DEN"]

1. d4 Nf6 2. Nf3 d5 3. c4 e6 4. Nc3 Be7 5. Bf4 O-O 6. e3 c5 7. Be2 cxd4 8. exd4
Ne4 9. O-O Nc6 10. Qc2 Nxc3 11. bxc3 Bd6 12. Bg5 Be7 13. Bf4 Bd6 14. Bg5 Be7
15. Be3 Qc7 16. Bd3 h6 17. Rfe1 dxc4 18. Bxc4 Na5 19. Bd3 Nc4 20. Qb3 Nxe3 21.
Rxe3 Bd7 22. Rae1 Bd6 23. Ne5 Rac8 24. f4 Bxe5 25. fxe5 Bc6 26. Bb1 Rfd8 27.
Qc2 g6 28. Rh3 h5 29. Qd2 Kg7 30. Qg5 Rh8 31. Qf6+ Kg8 32. Bxg6 Rh6 33. Bxf7+
Kh7 34. Rxh5 Rxh5 35. Qg6+ Kh8 36. Qxh5+ 1-0

[Event "Skakligaen 2019-20"]
[Site "Denmark"]
[Date "2020.01.26"]
[Round "6.6"]
[White "Nielsen, Thomas Bach"]
[Black "Laursen, Niels Norskov"]
[Result "1/2-1/2"]
[WhiteElo "2119"]
[BlackElo "2251"]
[PlyCount "41"]
[EventDate "2019.11.23"]
[EventType "team-tourn"]
[EventRounds "9"]
[WhiteTeam "BMS"]
[BlackTeam "Bronshoj"]
[WhiteTeamCountry "DEN"]
[BlackTeamCountry "DEN"]

1. d4 Nf6 2. c4 g6 3. Nc3 d5 4. Nf3 Bg7 5. h4 c5 6. dxc5 Qa5 7. cxd5 Ne4 8. Bd2
Nxc3 9. Bxc3 Bxc3+ 10. bxc3 Qxc3+ 11. Nd2 Na6 12. e4 Nxc5 13. Bb5+ Bd7 14.
Bxd7+ Nxd7 15. O-O Rc8 16. Rc1 Qxc1 17. Qxc1 Rxc1 18. Rxc1 Kd8 19. Nf3 h6 20.
Kf1 g5 21. Ke2 1/2-1/2

[Event "Skakligaen 2019-20"]
[Site "Denmark"]
[Date "2020.01.26"]
[Round "6.7"]
[White "Greger, Roland Reinhard"]
[Black "Haubro, Sigfred"]
[Result "1/2-1/2"]
[WhiteElo "2276"]
[BlackElo "2089"]
[PlyCount "49"]
[EventDate "2019.11.23"]
[EventType "team-tourn"]
[EventRounds "9"]
[WhiteTeam "Bronshoj"]
[BlackTeam "BMS"]
[WhiteTeamCountry "DEN"]
[BlackTeamCountry "DEN"]

1. e4 d5 2. exd5 Qxd5 3. Nc3 Qa5 4. Bc4 Nf6 5. d4 c6 6. Qe2 Bf5 7. Bd2 Qc7 8.
Nf3 e6 9. O-O-O b5 10. Bd3 Bxd3 11. Qxd3 Nbd7 12. Rhe1 Be7 13. Ne5 b4 14. Nxd7
Qxd7 15. Ne4 Nxe4 16. Rxe4 a5 17. g4 h5 18. g5 g6 19. Rde1 Qd5 20. Kb1 Qf5 21.
f4 Bd6 22. Qc4 Qd5 23. Qd3 Qf5 24. Qc4 Qd5 25. Qd3 1/2-1/2

[Event "Skakligaen 2019-20"]
[Site "Denmark"]
[Date "2020.01.26"]
[Round "6.8"]
[White "Stage Steffensen, Sander"]
[Black "Holmsgaard, Henrik"]
[Result "1/2-1/2"]
[WhiteElo "2104"]
[BlackElo "2221"]
[PlyCount "115"]
[EventDate "2019.11.23"]
[EventType "team-tourn"]
[EventRounds "9"]
[WhiteTeam "BMS"]
[BlackTeam "Bronshoj"]
[WhiteTeamCountry "DEN"]
[BlackTeamCountry "DEN"]

1. e4 c5 2. Nf3 e6 3. d4 cxd4 4. Nxd4 Nc6 5. Nc3 Qc7 6. Be2 a6 7. O-O Nf6 8. a3
Be7 9. Kh1 O-O 10. f4 d6 11. Nf3 b5 12. Bd3 Bb7 13. Qe1 Rad8 14. Qg3 Rfe8 15.
Qh3 g6 16. f5 exf5 17. exf5 Ne5 18. Ng5 Qc8 19. fxg6 hxg6 20. Qh4 Qg4 21. Qxg4
Nfxg4 22. Be2 Nf6 23. Bf4 Bf8 24. Rad1 Bg7 25. Nf3 Ne4 26. Nxe4 Bxe4 27. c3
Bxf3 28. gxf3 d5 29. Bg5 f6 30. Bc1 Kf7 31. f4 Nc4 32. Bf3 Nb6 33. f5 Re5 34.
fxg6+ Kxg6 35. Bf4 Re7 36. Rg1+ Kh7 37. Rg4 Rde8 38. Rh4+ Kg8 39. Kg2 Re1 40.
Rd2 Nc4 41. Bxd5+ Kf8 42. Bxc4 bxc4 43. Bd6+ Kf7 44. Rxc4 R8e2+ 45. Rxe2 Rxe2+
46. Kf3 Rxb2 47. Ke4 Ke6 48. Bf4 f5+ 49. Kd3 Be5 50. Bxe5 Kxe5 51. Ke3 Rxh2 52.
Rc5+ Ke6 53. Rc6+ Kd5 54. Rxa6 Rh3+ 55. Kf4 Rxc3 56. Kxf5 Rf3+ 57. Kg4 Rf8 58.
a4 1/2-1/2

[Event "Skakligaen 2019-20"]
[Site "Denmark"]
[Date "2020.01.26"]
[Round "6.1"]
[White "Thybo, Jesper Sondergaard"]
[Black "Schandorff, Lars"]
[Result "1-0"]
[WhiteElo "2574"]
[BlackElo "2480"]
[PlyCount "69"]
[EventDate "2019.11.23"]
[EventType "team-tourn"]
[EventRounds "9"]
[WhiteTeam "Jetsmark"]
[BlackTeam "Hillerod"]
[WhiteTeamCountry "DEN"]
[BlackTeamCountry "DEN"]

1. Nf3 Nf6 2. c4 e6 3. b3 d5 4. Bb2 Be7 5. e3 O-O 6. Nc3 dxc4 7. bxc4 c5 8. Rg1
b6 9. Qc2 Bb7 10. Be2 Nc6 11. a3 e5 12. g4 Re8 13. g5 Nd7 14. Nd5 Bf8 15. Bd3
g6 16. Be4 Bg7 17. h4 Rb8 18. h5 Ne7 19. Nf6+ Nxf6 20. gxf6 Bxf6 21. Nxe5 Bxe4
22. Qxe4 Qd6 23. f4 Rbd8 24. O-O-O Qe6 25. Bc3 Bg7 26. hxg6 hxg6 27. Qc2 Rd6
28. Rdf1 Red8 29. Rh1 a6 30. e4 Qc8 31. Nxf7 Kxf7 32. Rh7 Rg8 33. f5 gxf5 34.
exf5 Kf8 35. f6 1-0

[Event "Skakligaen 2019-20"]
[Site "Denmark"]
[Date "2020.01.26"]
[Round "6.2"]
[White "Borge, Nikolaj"]
[Black "Rasmussen, Allan Stig"]
[Result "1/2-1/2"]
[WhiteElo "2372"]
[BlackElo "2559"]
[PlyCount "53"]
[EventDate "2019.11.23"]
[EventType "team-tourn"]
[EventRounds "9"]
[WhiteTeam "Hillerod"]
[BlackTeam "Jetsmark"]
[WhiteTeamCountry "DEN"]
[BlackTeamCountry "DEN"]

1. e4 e6 2. d4 d5 3. exd5 exd5 4. Nf3 Bd6 5. Bd3 Ne7 6. c3 Nbc6 7. h3 f6 8. Qc2
Be6 9. Bxh7 Qd7 10. Bd3 g5 11. Ng1 O-O-O 12. Nd2 Rde8 13. Ne2 Nf5 14. Nf1 Nh4
15. Rg1 Rhg8 16. Bd2 f5 17. O-O-O f4 18. Nh2 Kb8 19. Kb1 Qf7 20. Bc1 Ne7 21.
Ng4 f3 22. gxf3 Qxf3 23. Nh6 Rh8 24. Bxg5 Nef5 25. Ng4 Qxh3 26. Ne5 Ng2 27. Ng3
1/2-1/2

[Event "Skakligaen 2019-20"]
[Site "Denmark"]
[Date "2020.01.26"]
[Round "6.3"]
[White "Thogersen, Rasmus"]
[Black "Pedersen, Steffen"]
[Result "0-1"]
[WhiteElo "2248"]
[BlackElo "2308"]
[PlyCount "74"]
[EventDate "2019.11.23"]
[EventType "team-tourn"]
[EventRounds "9"]
[WhiteTeam "Jetsmark"]
[BlackTeam "Hillerod"]
[WhiteTeamCountry "DEN"]
[BlackTeamCountry "DEN"]

1. e4 e5 2. Nf3 Nc6 3. Bc4 Bc5 4. O-O Nf6 5. d3 h6 6. c3 d6 7. b4 Bb6 8. a4 a6
9. Nbd2 O-O 10. h3 Ne7 11. Re1 Ng6 12. Nf1 c6 13. Bb3 Re8 14. Ng3 d5 15. Qc2
Bd7 16. Bd2 Qc8 17. c4 Bxh3 18. gxh3 Qxh3 19. c5 Ng4 20. Bc1 Bc7 21. Qe2 Nh4
22. Nxh4 Qh2+ 23. Kf1 Qxh4 24. Kg2 Qh2+ 25. Kf3 Re6 26. Kxg4 Rf6 27. Ra2 h5+
28. Nxh5 Rg6+ 29. Bg5 Qg2+ 30. Ng3 Rxg5+ 31. Kxg5 Qh3 32. Qg4 Bd8+ 33. Kf5 g6+
34. Kxe5 Qxg4 35. Kd4 Bf6+ 36. Ke3 Bc3 37. Rg1 d4# 0-1

[Event "Skakligaen 2019-20"]
[Site "Denmark"]
[Date "2020.01.26"]
[Round "6.4"]
[White "Jaksland, Tim"]
[Black "Heimisson, Hilmir Freyr"]
[Result "1/2-1/2"]
[WhiteElo "2218"]
[BlackElo "2234"]
[PlyCount "102"]
[EventDate "2019.11.23"]
[EventType "team-tourn"]
[EventRounds "9"]
[WhiteTeam "Hillerod"]
[BlackTeam "Jetsmark"]
[WhiteTeamCountry "DEN"]
[BlackTeamCountry "DEN"]

1. e4 c5 2. Nc3 Nc6 3. Nge2 d6 4. d4 cxd4 5. Nxd4 e5 6. Nf5 Bxf5 7. exf5 Nge7
8. Bg5 Qa5 9. Bxe7 Bxe7 10. Bc4 O-O 11. O-O Nd4 12. Nd5 Bd8 13. Qd3 Rc8 14. b4
Qa4 15. c3 Qc2 16. Rac1 Qxd3 17. Bxd3 Nc6 18. Be4 Re8 19. Rfd1 Bg5 20. Rc2 Kf8
21. g3 Bd8 22. Kg2 Rb8 23. h4 Ne7 24. f6 Nxd5 25. fxg7+ Kxg7 26. Rxd5 Be7 27.
Bf5 h5 28. Kf3 Kf6 29. Ke4 Bf8 30. Bh3 b6 31. a4 Rb7 32. c4 Rc7 33. a5 bxa5 34.
Rxa5 Rb8 35. Ra4 d5+ 36. Kxd5 Rd8+ 37. Ke4 Rd4+ 38. Ke3 Rcxc4 39. Rxc4 Rxc4 40.
Ra6+ Kg7 41. Rxa7 Bxb4 42. Ra2 Bc5+ 43. Ke2 Rb4 44. Rc2 Bb6 45. Bd7 Kf6 46. Bc8
Rb3 47. Kf1 Rb4 48. Ba6 Kg6 49. Be2 Rb1+ 50. Kg2 Re1 51. Bd3+ Kh6 1/2-1/2